| 000 | 01174cam a22002771i 4500 | ||
|---|---|---|---|
| 003 | SA-RiAUC | ||
| 005 | 20250208060401.0 | ||
| 008 | 250206s1963 qa g 00000cara c | ||
| 040 |
_aSA-RiAUC _bara _cSA-RiAUC _erda |
||
| 082 | 0 | 4 |
_a928.1 _qSA-RiAUC |
| 090 |
_a928.1 _bا ب ن م |
||
| 100 | 1 |
_aابن معصوم، علي بن أحمد بن محمد، _d1052-1119 هجري _eمؤلف. |
|
| 245 | 1 | 0 |
_aسلافة العصر في محاسن الشعراء بكل مصر / _cتأليف علي صدر الدين المعروف بابن معصوم. |
| 250 | _aالطبعة الثانية. | ||
| 264 | 1 |
_a[مكان النشر غير محدد] : _b[الناشر غير محدد]، _c1963 |
|
| 264 | 3 |
_aالدوحة : _bمطابع علي بن علي |
|
| 300 |
_a607 صفحة ؛ _c26 سم |
||
| 336 |
_aنص _btxt _2rdacontent _3كتاب |
||
| 337 |
_aبدون وسيط _bn _2rdamedia |
||
| 338 |
_aمجلد _bnc _2rdacarrier |
||
| 650 | 7 |
_aالأدباء العرب _vتراجم _2aucsh |
|
| 650 | 7 |
_aالشعراء العرب _vتراجم _2aucsh |
|
| 650 | 7 |
_aالشعر العربي _vمجموعات _2aucsh |
|
| 942 |
_2ddc _cBOOK _n0 |
||
| 949 |
_aSA-JeALM _d250206 _uosman123 _n1 |
||
| 999 |
_c5718 _d5718 |
||